Województwa Polski w 30 sekund - Statystyki

Ogólne statystyki
  • Ten quiz został rozwiązany 1 285 razy
  • Średni wynik to 7 z 16
Statystyki odpowiedzi
Stolica Województwo % Poprawnych
Warszawa mazowieckie
67%
Wrocław dolnośląskie
63%
Kraków małopolskie
60%
Lublin lubelskie
55%
Katowice śląskie
53%
Gorzów Wielkopolski, Zielona Góra lubuskie
52%
Gdańsk pomorskie
52%
Bydgoszcz, Toruń kujawsko-pomorskie
46%
Łódź łódzkie
46%
Opole opolskie
43%
Poznań wielkopolskie
43%
Białystok podlaskie
32%
Rzeszów podkarpackie
31%
Szczecin zachodniopomorskie
31%
Olsztyn warmińsko-mazurskie
20%
Kielce świętokrzyskie
19%
Nie znaleziono quizów pasujących do podanych kryteriów
Rozkład punktacji
Procent ludzi z każdym wynikiem
Percentyl według liczby udzielonych odpowiedzi
Twoja historia wyników
Nie rozwiązałeś tego quizu